000 00509nam a22001697a 4500
008 160625b xxu||||| |||| 00| 0 eng d
020 _a0-07-826421-9
082 _22004
_aDC 004
_bN82i
100 _910450
_aNorton, Peter
245 _aIntroduction to computers/
_cPeter Norton
250 _aFifth Edition
260 _aBoston:
_bMcGraw-Hill,
_cc2004.
300 _axxvi,598 pages:
_billustrations;
_c23 cm.
500 _aIncludes appendix, glossary and index.
650 0 _910451
_aComputers
942 _2ddc
_cDC
999 _c3131
_d3131